000 00813cam a2200289 4500
001 122811
005 20230410123609.0
008 060711s2006 fr 000 0 fre u
020 _a9782729827540
020 _a2729827544
035 _a(CaOOAMICUS)000037657001
040 _aCaOOU
_bfre
_cCaQQLA
_dOOU
050 1 4 _aKJV 5479
_bF399d 2006
100 1 _aFerry-Maccario, Nicole.
245 1 0 _aDroit de l'art /
_cNicole Ferry-Maccario, Olivier Silhol.
260 _aParis :
_bEllipses,
_c2006
300 _a156 p. ;
_c19 cm.
490 0 _aMise au point
504 _aBibliogr.: p. 147
650 0 _aLaw and art
_zFrance.
650 4 _aArte
_xLegislación
_zFrancia.
650 4 _aDerecho y arte
_zFrancia.
650 6 _aDroit et art.
700 1 _aSilhol, Olivier.
942 _2lcc
_cbk
946 _aJaaM
999 _c64605
_d64605